000 00616nam a2200241Ia 4500
003 OSt
005 20220918195744.0
006 a|||||r|||| 00| 0
007 ta
008 220917b |||||||| |||| 00| 0 eng d
024 _a86,188
037 _cTextual
040 _aARTS
_cARTS
_beng
041 _2eng
_aeng
082 _aT:3:A, K0
110 _aScience masters Association
_991414
245 0 _aReport on the teaching of general science
260 _c1960
650 _aEDUCATION
700 _aScience masters Association
_991415
942 _hT:3:A, K0
_cTEXL
_2CC
999 _c209888
_d209888